| 000 | 00628ngm a2200169 a 4500 | ||
|---|---|---|---|
| 005 | 20220816153738.0 | ||
| 008 | 010918s1980 mx 024 d daspa d | ||
| 035 | _aUPN01000111679 | ||
| 049 | _aAV | ||
| 050 | 4 | _aPVI Q 1159 | |
| 245 | 0 | 0 |
_aInsectos sociales : _bla abeja. |
| 260 |
_aMéxico : _bPelículas Ebesa [distribuidor], _c[198-?]. |
||
| 300 |
_a1 videocasete (VHS) (24 min.) : _bson., col. |
||
| 520 | _aMuestra que los insectos sociales, tales como la abeja, viven en colonias y están divididos en castas, cada una de las cuales contribuye a la vida de la colonia | ||
| 650 | 7 |
_aAbejas _2 _953 |
|
| 905 | _aAudiovisuales | ||
| 999 |
_c85587 _d85587 |
||